The long view and the short : Studies in economic theory and policy

Na minha lista:
Detalhes bibliográficos
Autor principal: Viner, Jacob
Formato: Livro
Idioma:Undetermined
Publicado em: Glencoe The Free 1958
Assuntos:
Tags: Adicionar Tag
Sem tags, seja o primeiro a adicionar uma tag!
Thư viện lưu trữ: Trung tâm Học liệu Trường Đại học Cần Thơ
LEADER 00480nam a2200181Ia 4500
001 CTU_78696
008 210402s9999 xx 000 0 und d
082 |a 330.4 
082 |b V766 
100 |a Viner, Jacob 
245 4 |a The long view and the short : 
245 0 |b Studies in economic theory and policy 
245 0 |c Jacob Viner 
260 |a Glencoe 
260 |b The Free 
260 |c 1958 
650 |a Economics 
980 |a Trung tâm Học liệu Trường Đại học Cần Thơ